000 00585nam a2200229Ia 4500
003 OSt
005 20220928102117.0
006 a|||||r|||| 00| 0
007 ta
008 220927b |||||||| |||| 00| 0 eng d
024 _a39983
037 _cTextual
040 _aSDCL
_cSDCL
_beng
041 _2eng
_aeng
082 _aV2,21y7N17, M5
100 _aJayakar Pupul
_9396654
245 0 _aIndira Gandhi
260 _aNew Delhi
_bLustre Press
_c1985
300 _a143p
_ccm.
942 _hV2,21y7N17, M5
_cTEXL
_2CC
999 _c712407
_d712407